000 00452nam a2200193Ia 4500
005 20250423100555.0
008 250422s9999 xx 000 0 und d
020 _a81-224-1747-7,978-81-224-1747-0
050 _aTK 788 .15 .S83/
100 _aVedam Subrahmanyam
245 0 _aPower Electronics
250 _a2nd
260 _aNew Delhi
260 _bNew age international
260 _c2006
300 _a863 p
650 _aEE
942 _cBK
999 _c33716
_d33716